Logo Biblioteca

El ingenioso hidalgo : (Registro nro. 231)

Detalles MARC
000 -LEADER
fixed length control field 00672nam a22001937a 4500
003 - CONTROL NUMBER IDENTIFIER
control field OSt
005 - DATE AND TIME OF LATEST TRANSACTION
control field 20240502112248.0
008 - FIXED-LENGTH DATA ELEMENTS--GENERAL INFORMATION
fixed length control field 240502s1995 sp ||||| |||| 00| 1 spa d
020 ## - INTERNATIONAL STANDARD BOOK NUMBER
International Standard Book Number 8429445595
040 ## - CATALOGING SOURCE
Transcribing agency besoc
100 1# - MAIN ENTRY--PERSONAL NAME
Personal name Cervantes Saavedra, Miguel de,
Dates associated with a name 1547-1616
245 13 - TITLE STATEMENT
Title El ingenioso hidalgo :
Remainder of title Don Quijote de la Mancha /
Statement of responsibility, etc. Miguel de Cervantes Saavedra ; selección, estudio y notas por Milagros Rodríguez Cáceres
260 ## - PUBLICATION, DISTRIBUTION, ETC.
Place of publication, distribution, etc. Madrid :
Name of publisher, distributor, etc. Santillana,
Date of publication, distribution, etc. 1995
300 ## - PHYSICAL DESCRIPTION
Extent 231 p.
490 0# - SERIES STATEMENT
Series statement Clásicos esenciales Santillana
650 #4 - SUBJECT ADDED ENTRY--TOPICAL TERM
Topical term or geographic name entry element Literatura española
General subdivision Novela
-- Sátira
Chronological subdivision Siglo XVIII
700 1# - ADDED ENTRY--PERSONAL NAME
Personal name Rodríguez Cáceres, Milagros
942 ## - ADDED ENTRY ELEMENTS (KOHA)
Source of classification or shelving scheme Universal Decimal Classification
Koha item type Obra General
Suppress in OPAC No
Existencias
Withdrawn status Lost status Source of classification or shelving scheme Damaged status Not for loan Collection Home library Current library Date acquired Total checkouts Full call number Barcode Date last seen Price effective from Koha item type
    Universal Decimal Classification     Colección General Biblioteca Escuela de Ciencias Sociales Biblioteca Escuela de Ciencias Sociales 02/05/2024   82-31(460) C419 000361 02/05/2024 02/05/2024 Obra General
Biblioteca de la Escuela Preuniversitaria en Ciencias Sociales y Humanísticas.
Riobamba 250 bis.
CP 2000 - Rosario - Santa Fe
E-Mail: biblioteca@esociales.unr.edu.ar